LEADER 01312nam a2200313 u 4500 001 000000059992 003 CaOOAMICUS 005 20070226120848.0 008 010709s1993 it u000 u ita u 020 $a8838417385 035 $a10896654 040 $aPUL$bita 245 00$aCatechismo della chiesa cattolica :$bintroduzione e guida /$cLuciano Pacomio ... [et al.]. 260 $aCasale Monferrato :$bPiemme,$cc1993. 300 $a219 p. ;$c21 cm 490 1 $aManuali di base ;$v38 490 1 $aTeologia e scienze religiose 504 $aBibliografia in nota. 650 4$aCristianesimo.$0(OLS)http://pul/subject/787 700 1 $aPacomio, Luciano,$cVescovo di Mondovì,$d1941 -$0(OLS)http://pul/name/5936 830 0$aTeologia e scienze religiose.$0(OLS)http://pul/title/8594 830 0$aManuali di base (Piemme) ;$v38.$0(OLS)http://pul/title/8595 850 $aPUL 852 $aPUL$W1$xSL Religione 1$y3$m57 A 71$j78172$nBK-PRI$b $qStampati$B78172$CPULBib$Z2$F78172 $H $81 941 1 $a8 961 $aINV: 69863 996 $6020$a8838417385$9(OLS)http://pul/number/76800 996 $6245$aCatechismo della chiesa cattolica :$bintroduzione e guida$9(OLS)http://pul/title/80235 996 $6260$aCasale Monferrato :$bPiemme$9(OLS)http://pul/publisher/51813 LEADER 01280cam a22003014a 4500 001 000000118562 003 CaOOAMICUS 005 20091204094432.0 008 091204t2009 it ab b 000 0 ita r 020 $a978-88-420-5547-1 040 $aPUL$bita$dReb 100 1 $aBarrow, John D.,$d1952-$0(OLS)http://pul/name/40492 245 10$aPerchè il mondo è matematico /$cJohn D. Barrow ; traduzione di Bruna Tortorella. 250 $a7 ed. 260 $aRoma ;$aBari :$bLaterza,$c©2009. 300 $avii, 107 p. :$bill. ;$c21 cm. 490 1 $aEconomica Laterza ;$v146 504 $aBibliografia p. [103]-[108]. 650 4$aMetafisica.$0(OLS)http://pul/subject/433 650 4$aMatematica$xFilosofia.$0(OLS)http://pul/subject/20379 700 1 $aTortorella, Bruna.$0(OLS)http://pul/name/74069 830 0$aEconomica Laterza ;$v146.$0(OLS)http://pul/title/39309 850 $aPUL 852 $aPUL$W1$xSL Cons. Gen., Altre Classi 3$y75$m510. 1 BARJO 1$j136021$qDDC 21$B135010$CPULBib$Z2$F135010 $H111757 $82 941 1 $a9 996 $6020$a978-88-420-5547-1$9(OLS)http://pul/number/142659 996 $6245$aPerchè il mondo è matematico$9(OLS)http://pul/title/149212 996 $6260$aRoma ;$aBari :$bLaterza$9(OLS)http://pul/publisher/57682